1302 1374 1669 1373 1754 1055 1840 1214 1632 1559 1784 1395 1396 1543 1108 1655 1628 1589 1647 1865 1404 1714 1294 1892 1007 1435 1890 1899 1749 1939 1845 1269 1622 1769 1821 1669 1554 1469 1310 1774 1811 1108 1038 1986 1449 1646 1517 1767 1773 1408 1169 1819 1459 1572 1647 1085 1555 1158 1200 1381 1068 1944 1941 1725 1245 1306 1210 1138 1411 1437 1056 1517 1717 1204 1821 1567 1611 1474 1220 1264 1332 1880 1695 1211 1729 1165 1171 1395 1358 1806 1183 1066 1883 1345 1741 1569 1179 1616 1467 BCNSPRNW ULIB Ver.6.0+V

เปลี่ยนเป็นภาษาไทย

Change to English
 แสดงรายละเอียดบรรณานุกรม
  กลับหน้าหลัก

Brief Record : Get Marc (ISO 2709) : E-mail record : QR code < ปิดหน้าต่าง
LEADER : 00000nam 2200000uu 4500
001    13399111843
003     ULIB
008    110322s2550||||th 000 0 tha d
020    9789741102666
050  4 HA62^bS111ห 2550
100 0  สรชัย พิศาลบุตร
245 00 การสร้างและการประมวลผลข้อมูลจากแบบสอบถาม/^cสรชัย พิศาลบุตร
250    พิมพ์ครั้งที่ 2
260    กรุงเทพฯ:^bวิทยพัฒน์,^c2550
300    308 หน้า :^bภาพประกอบ
650  7 การวิจัย
650  7 แบบสอบถาม
650  7 แบบสอบถาม^xการประมวลผล
945    ^p230^l0^i024727
945    ^p230^l0^i025017
995    ทศพร
999 ^a ใช้งานได้ทุกระบบ
รายการนี้ยังไม่มีแท็ก
คุณยังไม่ได้ล็อกอิน คุณสามารถมีกิจกรรมร่วมกับเว็บไซต์ได้ แต่ต้องล็อกอินก่อน ::
  ล็อกอิน

รายการสื่อสารสนเทศ

ลำดับที่ ประเภท เลขเรียก/บาร์โค้ด สถานที่ สถานะ
1. การศึกษาทั่วไป
หนังสือสำรอง
สถานะ=หนังสือสำรอง
HA62 S111ห 2550 ฉ.1 
  Barcode: 024727
ห้องสมุดวิทยาเขตสวรรค์ประชารักษ์
►หนังสือทั่วไป
บนชั้น
2. การศึกษาทั่วไป
การศึกษาทั่วไป
HA62 S111ห 2550 ฉ.2 
  Barcode: 025017
ห้องสมุดวิทยาเขตสวรรค์ประชารักษ์
►หนังสือทั่วไป
บนชั้น

รายการใกล้เคียง
    ผู้แต่ง [สรชัย พิศาลบุตร]

    หัวเรื่อง [การวิจัย]
    หัวเรื่อง [แบบสอบถาม]

BibComment


ยังไม่เคยถูกคอมเมนท์

คอมเมนท์ทรัพยากรรายการนี้
  คอมเมนท์: การสร้างและการประ..


 Copyright 2026. Bcnsprnw @Library